| 000 | 006230000a22002050004500 | ||
|---|---|---|---|
| 003 | LK-CoMWRAF | ||
| 005 | 20230920135612.0 | ||
| 008 | 230817t1994 ||||| |||| 00| 0 eng d | ||
| 020 | _a0812922069 | ||
| 040 |
_aLK-CoMWRAF _dLK-CoMWRAF _eLK-CoMWRAF |
||
| 041 | _aeng | ||
| 082 |
_a302.2 _bDOU |
||
| 100 | _aDouglas, Susan J. | ||
| 245 |
_aWhere the Girls Are: _bGrowing Up Female with the Mass Media |
||
| 260 |
_aNew York: _bTimes Books, _c1994 |
||
| 300 |
_a340 p., [16] p. of plates ; 25 cm. _bIndex included |
||
| 650 | _aMASS MEDIA AND WOMEN-United States | ||
| 650 | _aPopular culture -United States | ||
| 942 | _cBK | ||
| 999 |
_c3087 _d3087 |
||